[Event "13th Leiden Crown Group 2019"]
[Site "Leiden"]
[Date "2019.07.20"]
[Round "8.5"]
[White "Schekachikhin, Maksim"]
[Black "Sengupta, Deep"]
[Result "1/2-1/2"]
[WhiteElo "2415"]
[BlackElo "2558"]
[Annotator "ChessBase"]
[PlyCount "56"]
[EventDate "2019.07.08"]
[EventType "tourn"]
[EventCountry "NED"]
[SourceTitle "playchess.com"]
[Source "ChessBase"]
[SourceQuality "1"]
[TimeControl "40/5400+30:1800+30"]

1. d4 {[%emt 0:00:00]} e6 {[%emt 0:00:00]} 2. c4 {[%emt 0:00:00]} f5 {[%emt 0:00:00]} 3. Nf3 {[%emt 0:02:32]} Nf6 {[%emt 0:00:10]} 4. Bf4 {[%emt 0:00:14]} b6 {[%emt 0:01:33]} 5. e3 {[%emt 0:00:56]} Bb7 {[%emt 0:00:04]} 6. Be2 {[%emt 0:00:36]} Bb4+ {[%emt 0:04:23]} 7. Nbd2 {[%emt 0:02:50]} O-O {[%emt 0:00:07]} 8. O-O {[%emt 0:01:24]} Be7 {[%emt 0:01:04]} 9. h3 {[%emt 0:02:00]} c5 {[%emt 0:06:53]} 10. Rc1 {[%emt 0:09:21]} Ne4 {[%emt 0:06:08]} 11. Bh2 {[%emt 0:10:41]} Bf6 {[%emt 0:08:14]} 12. Qc2 {[%emt 0:08:16]} Na6 {[%emt 0:29:33]} 13. a3 {[%emt 0:05:26]} cxd4 {[%emt 0:00:54]} 14. Nxd4 {[%emt 0:10:09]} Nac5 {[%emt 0:00:36]} 15. N2f3 {[%emt 0:03:06]} g5 {[%emt 0:06:47]} 16. b4 {[%emt 0:01:52]} g4 {[%emt 0:00:11]} 17. hxg4 {[%emt 0:04:26]} fxg4 {[%emt 0:00:04]} 18. bxc5 {[%emt 0:01:22]} gxf3 {[%emt 0:06:08]} 19. Bxf3 {[%emt 0:02:15]} Nxc5 {[%emt 0:00:12]} 20. Bxb7 {[%emt 0:01:31]} Nxb7 {[%emt 0:00:01]} 21. Rcd1 {[%emt 0:04:10]} Qe7 {[%emt 0:00:39]} 22. Nb5 {[%emt 0:00:38]} Qg7 {[%emt 0:06:20]} 23. Nd6 {[%emt 0:08:38]} Nc5 {[%emt 0:00:12]} 24. Ne4 {[%emt 0:00:32]} Be7 {[%emt 0:00:44]} 25. Nxc5 {[%emt 0:01:10]} Bxc5 {[%emt 0:00:04]} 26. Bd6 {[%emt 0:02:56]} Rf5 {[%emt 0:08:06]} 27. Bxc5 {[%emt 0:02:10]} Rxc5 {[%emt 0:00:04]} 28. Rd4 {[%emt 0:00:36]} Kh8 {[%emt 0:08:10]} 1/2-1/2

[Event "13th Leiden Crown Group 2019"]
[Site "Leiden"]
[Date "2019.07.21"]
[Round "9.1"]
[White "Sengupta, Deep"]
[Black "Kuipers, Stefan"]
[Result "1/2-1/2"]
[WhiteElo "2558"]
[BlackElo "2435"]
[Annotator "TA"]
[PlyCount "96"]
[EventDate "2019.07.08"]
[EventType "tourn"]
[EventCountry "NED"]
[SourceTitle "playchess.com"]
[Source "ChessBase"]
[SourceQuality "1"]

{[%evp 11,96,3,5,0,21,21,21,32,49,44,38,44,59,17,73,66,109,100,119,110,121,58,57,41,116,115,128,126,106,127,124,104,110,100,91,86,71,13,12,0,0,0,0,0,0,0,0,-24,-17,-17,-23,-28,21,0,0,0,0,0,0,0,0,0,0,0,0,0,0,0,0,0,0,0,0,-8,-8,-8,0,0,0,0,0,0,0,-8,-8,-8,-8]} 1. e4 c6 2. d4 d5 3. e5 Bf5 4. h4 h5 5. Bd3 Bxd3 6. Qxd3 e6 7. Bg5 {B12: Caro-Kann: Advance Variation} Qa5+ (7... Qb6 {is more complex.} 8. Nd2 c5 9. c4 Qxb2 10. Rb1 Qxd4 11. Qxd4 cxd4 12. cxd5 exd5 13. Ngf3 b6) (7... Be7 8. Nf3 Nh6 9. Nbd2 Nf5 10. Nf1 Qa5+ 11. c3 Qa6 12. Qd2 Nd7 13. Ng3 Nxg3 14. fxg3 f6 {½-½ (72) Inarkiev,E (2693)-Tomashevsky,E (2705) St Petersburg 2018}) 8. Nd2 Qa6 9. c4 Ne7 10. Ngf3 Nd7 11. O-O Nf5 12. b3 c5 (12... Ba3 $11) 13. Rfe1 $16 cxd4 $146 ({Predecessor:} 13... Rc8 14. Rad1 dxc4 15. Nxc4 {1-0 (60) Lopez Gracia,F (2302)-Gines Esteo,P (2319) Zaragoza 2017}) 14. Nxd4 Nxd4 15. Qxd4 Bc5 16. Qc3 (16. Qf4 $16) 16... Qb6 $14 17. Qg3 f6 (17... O-O $1 $14) 18. exf6 $16 O-O {[#]} 19. b4 $1 {[%cal Rb4c5]} Bd4 {[%mdl 64] Double Attack} 20. Nf3 {And now Be3 would win.} Nxf6 {[#]} 21. c5 $1 Qxb4 22. Rab1 Qa4 23. Bxf6 Bxf6 24. Rxe6 (24. Rxb7 $16 Qg4 25. Qd6) 24... Rf7 $11 25. Rbe1 Raf8 26. Qg6 Qg4 27. Qd3 Qc4 $1 {[%cal Rc4d3]} 28. Rd1 Qxa2 29. Qxd5 (29. c6 {feels hotter.} d4 30. Rd6 a5 31. Rd2 Qa1+ 32. Rd1) 29... Qxd5 30. Rxd5 Rc7 31. Ng5 a5 32. c6 {The position is equal.} bxc6 33. Rxa5 c5 34. Rxf6 gxf6 {[%mdl 4096] Endgame KRR-KRN} (34... Rxf6 $2 {loses.} 35. Ra8+ Rf8 36. Rxf8+ Kxf8 37. Ne6+ Ke7 38. Nxc7 $18) 35. Ne6 $1 {[%csl LRc5,LRc7,LRf8][%mdl 64] Double Attack} Rfc8 {Hoping for ...Rc6.} 36. Nxc7 Rxc7 {KR-KR} 37. Kf1 Kf7 38. Ra4 Ke6 39. g4 hxg4 40. Rxg4 c4 {Threatens to win with ...c3.} 41. Ke2 Kf5 42. f3 c3 {White must now prevent ...c2.} 43. Kd1 Re7 44. Kc2 Re2+ 45. Kxc3 Re3+ 46. Kd2 Rxf3 47. Ra4 Rf4 48. Rxf4+ Kxf4 {Accuracy: White = 57%, Black = 60%.} 1/2-1/2

[Event "13th Leiden Crown Group 2019"]
[Site "Leiden"]
[Date "2019.07.21"]
[Round "9.2"]
[White "Stefansson, Hannes"]
[Black "Schekachikhin, Maksim"]
[Result "0-1"]
[WhiteElo "2562"]
[BlackElo "2415"]
[Annotator "ChessBase"]
[PlyCount "46"]
[EventDate "2019.07.08"]
[EventType "tourn"]
[EventCountry "NED"]
[SourceTitle "playchess.com"]
[Source "ChessBase"]
[SourceQuality "1"]
[TimeControl "40/5400+30:1800+30"]

1. e4 {[%emt 0:00:00]} c6 {[%emt 0:00:00]} 2. d4 {[%emt 0:00:00]} d5 {[%emt 0:00:00]} 3. e5 {[%emt 0:00:15]} Bf5 {[%emt 0:00:08]} 4. Nf3 {[%emt 0:00:17]} e6 {[%emt 0:00:12]} 5. Be2 {[%emt 0:00:19]} Ne7 {[%emt 0:01:28]} 6. O-O {[%emt 0:00:25]} c5 {[%emt 0:02:40]} 7. c4 {[%emt 0:08:02]} Nbc6 {[%emt 0:00:33]} 8. dxc5 {[%emt 0:05:09]} d4 {[%emt 0:01:26]} 9. Qa4 {[%emt 0:04:51]} Ng6 {[%emt 0:07:09]} 10. Rd1 {[%emt 0:06:47]} d3 {[%emt 0:03:46]} 11. Be3 {[%emt 0:03:43]} Be7 {[%emt 0:22:11]} 12. Nc3 {[%emt 0:19:43]} O-O {[%emt 0:01:50]} 13. h3 {[%emt 0:05:07]} Ngxe5 {[%emt 0:07:32]} 14. Nxe5 {[%emt 0:00:18]} Nxe5 {[%emt 0:00:08]} 15. Bf4 {[%emt 0:09:45]} Nd7 {[%emt 0:17:21]} 16. b4 {[%emt 0:00:49]} Bf6 {[%emt 0:08:32]} 17. Bxd3 {[%emt 0:00:23]} Bxc3 {[%emt 0:08:13]} 18. Rac1 {[%emt 0:00:06]} Bb2 {[%emt 0:04:46]} 19. Bxf5 {[%emt 0:07:49]} Bxc1 {[%emt 0:00:09]} 20. Rxd7 {[%emt 0:02:19]} Qf6 {[%emt 0:03:46]} 21. Bxh7+ {[%emt 0:00:59]} Kxh7 {[%emt 0:00:04]} 22. Qc2+ {[%emt 0:00:39]} Qf5 {[%emt 0:01:03]} 23. Qxc1 {[%emt 0:00:19]} e5 {[%emt 0:00:11]} 0-1

[Event "13th Leiden Crown Group 2019"]
[Site "Leiden"]
[Date "2019.07.21"]
[Round "9.3"]
[White "Das, Arghyadip"]
[Black "Pruijssers, Roeland"]
[Result "1/2-1/2"]
[WhiteElo "2439"]
[BlackElo "2534"]
[Annotator "ChessBase"]
[PlyCount "38"]
[EventDate "2019.07.08"]
[EventType "tourn"]
[EventCountry "NED"]
[SourceTitle "playchess.com"]
[Source "ChessBase"]
[SourceQuality "1"]
[TimeControl "40/5400+30:1800+30"]

1. Nf3 {[%emt 0:00:00]} Nf6 {[%emt 0:01:32]} 2. g3 {[%emt 0:00:00]} d5 {[%emt 0:01:34]} 3. Bg2 {[%emt 0:00:00]} c6 {[%emt 0:01:00]} 4. O-O {[%emt 0:00:10]} Bg4 {[%emt 0:00:55]} 5. d3 {[%emt 0:00:12]} e6 {[%emt 0:00:15]} 6. h3 {[%emt 0:01:26]} Bh5 {[%emt 0:02:39]} 7. Qe1 {[%emt 0:00:05]} Nbd7 {[%emt 0:11:01]} 8. Nh4 {[%emt 0:00:49]} Qb6 {[%emt 0:04:32]} 9. a4 {[%emt 0:15:01]} Bc5 {[%emt 0:03:57]} 10. Kh1 {[%emt 0:12:13]} a5 {[%emt 0:15:12]} 11. f4 {[%emt 0:16:16]} Be3 {[%emt 0:10:26]} 12. Bxe3 {[%emt 0:04:48]} Qxe3 {[%emt 0:00:07]} 13. g4 {[%emt 0:02:36]} Bg6 {[%emt 0:00:16]} 14. Qf2 {[%emt 0:02:06]} Qxf2 {[%emt 0:00:48]} 15. Rxf2 {[%emt 0:00:00]} Nc5 {[%emt 0:00:16]} 16. Nd2 {[%emt 0:04:41]} Ke7 {[%emt 0:14:14]} 17. Ndf3 {[%emt 0:08:07]} Nfd7 {[%emt 0:07:02]} 18. Nd4 {[%emt 0:01:03]} f6 {[%emt 0:01:09]} 19. f5 {[%emt 0:03:40]} Bf7 {[%emt 0:00:26]} 1/2-1/2

[Event "13th Leiden Crown Group 2019"]
[Site "Leiden"]
[Date "2019.07.21"]
[Round "9.4"]
[White "Van der Wiel, John T.H."]
[Black "Nikolic, Predrag"]
[Result "1/2-1/2"]
[WhiteElo "2380"]
[BlackElo "2574"]
[Annotator "ChessBase"]
[PlyCount "27"]
[EventDate "2019.07.08"]
[EventType "tourn"]
[EventCountry "NED"]
[SourceTitle "playchess.com"]
[Source "ChessBase"]
[SourceQuality "1"]
[TimeControl "40/5400+30:1800+30"]

1. e4 {[%emt 0:00:00]} e6 {[%emt 0:00:00]} 2. d4 {[%emt 0:00:00]} d5 {[%emt 0:00:00]} 3. Nd2 {[%emt 0:00:00]} a6 {[%emt 0:00:00]} 4. Ngf3 {[%emt 0:00:51]} Nf6 {[%emt 0:01:44]} 5. exd5 {[%emt 0:12:44]} exd5 {[%emt 0:00:21]} 6. Bd3 {[%emt 0:00:07]} Qe7+ {[%emt 0:01:38]} 7. Be2 {[%emt 0:01:34]} Nc6 {[%emt 0:03:22]} 8. O-O {[%emt 0:02:08]} Be6 {[%emt 0:00:04]} 9. c3 {[%emt 0:01:12]} h6 {[%emt 0:04:57]} 10. Re1 {[%emt 0:01:47]} Qd7 {[%emt 0:09:36]} 11. Bd3 {[%emt 0:07:40]} Be7 {[%emt 0:03:58]} 12. Ne5 {[%emt 0:01:22]} Nxe5 {[%emt 0:02:03]} 13. dxe5 {[%emt 0:00:22]} Ng8 {[%emt 0:05:07]} 14. Nf3 {[%emt 0:06:16]} 1/2-1/2

[Event "13th Leiden Crown Group 2019"]
[Site "Leiden"]
[Date "2019.07.21"]
[Round "9.5"]
[White "Lalith Babu M R"]
[Black "Pijpers, Arthur"]
[Result "1-0"]
[WhiteElo "2580"]
[BlackElo "2474"]
[Annotator "ChessBase"]
[PlyCount "49"]
[EventDate "2019.07.08"]
[EventType "tourn"]
[EventCountry "NED"]
[SourceTitle "playchess.com"]
[Source "ChessBase"]
[SourceQuality "1"]
[TimeControl "40/5400+30:1800+30"]

1. c4 {[%emt 0:00:00]} Nf6 {[%emt 0:00:00]} 2. Nf3 {[%emt 0:00:00]} g6 {[%emt 0:00:06]} 3. Nc3 {[%emt 0:00:25]} Bg7 {[%emt 0:00:05]} 4. e4 {[%emt 0:00:24]} d6 {[%emt 0:00:05]} 5. d4 {[%emt 0:00:05]} O-O {[%emt 0:00:05]} 6. h3 {[%emt 0:00:04]} e5 {[%emt 0:00:05]} 7. d5 {[%emt 0:00:05]} Nh5 {[%emt 0:00:04]} 8. g3 {[%emt 0:00:15]} f5 {[%emt 0:00:05]} 9. exf5 {[%emt 0:00:10]} gxf5 {[%emt 0:00:04]} 10. Nh4 {[%emt 0:00:10]} Nf4 {[%emt 0:00:39]} 11. gxf4 {[%emt 0:04:08]} Qxh4 {[%emt 0:00:14]} 12. Rg1 {[%emt 0:00:03]} Kh8 {[%emt 0:27:05]} 13. fxe5 {[%emt 0:02:49]} Bxe5 {[%emt 0:00:24]} 14. Bg5 {[%emt 0:01:13]} Qd4 {[%emt 0:00:07]} 15. Qxd4 {[%emt 0:00:54]} Bxd4 {[%emt 0:00:03]} 16. Nb5 {[%emt 0:00:04]} Bb6 {[%emt 0:01:05]} 17. c5 {[%emt 0:04:28]} dxc5 {[%emt 0:21:50]} 18. Bf4 {[%emt 0:01:53]} Ba5+ {[%emt 0:10:50]} 19. b4 {[%emt 0:04:08]} Bxb4+ {[%emt 0:00:06]} 20. Kd1 {[%emt 0:00:09]} Re8 {[%emt 0:03:19]} 21. Nxc7 {[%emt 0:01:38]} Re4 {[%emt 0:00:06]} 22. Bh6 {[%emt 0:04:37]} Bc3 {[%emt 0:06:01]} 23. Rc1 {[%emt 0:00:13]} Be5 {[%emt 0:00:26]} 24. Nxa8 {[%emt 0:00:25]} b6 {[%emt 0:04:19]} 25. Rc4 {[%emt 0:00:29]} 1-0